| 000 | 00727nam a2200205Ia 4500 | ||
|---|---|---|---|
| 005 | 20260121110121.0 | ||
| 008 | 008 260114s9999 xx 000 0 hin d | ||
| 020 | _a9788132358503 | ||
| 037 | _aEBOOK | ||
| 040 |
_aCRL _bhin _cCRL |
||
| 041 |
_ahin _2hin |
||
| 084 | _qCRL | ||
| 100 |
_aसेवाराम मौर्य / Sewararm Maurya _9942242 |
||
| 245 | 0 | _aमध्यकालीन भारत के महत्त्वपूर्ण पड़ाव / Madhyakalina Bharat ke Mahatvapurn Padhav | |
| 260 |
_bभाषा प्रकाशन / Bhasha Prakashan _c2021 |
||
| 856 | _uhttps://bhashaprakashan.com/product-details/378991 | ||
| 942 | _cEBOOK | ||
| 999 |
_c1533907 _d1533907 |
||